[Event "Girona Pont Major op 2nd"]
[Site "Girona"]
[Date "2017.06.16"]
[Round "8"]
[White "Pages Lopez, David"]
[Black "Suita Garceso, Nemesi"]
[Result "0-1"]
[WhiteElo "1806"]
[BlackElo "2074"]
[PlyCount "114"]
[EventDate "2017.04.21"]
[EventType "swiss"]
[EventRounds "8"]
[EventCountry "ESP"]
[SourceTitle "CBM 187 Extra"]
[Source "ChessBase"]
[SourceDate "2018.11.04"]
[SourceVersion "1"]
[SourceVersionDate "2018.11.04"]
[SourceQuality "1"]

1. e4 c5 2. d4 cxd4 3. c3 Nf6 4. e5 Nd5 5. Bc4 Nb6 6. Bb3 e6 7. Nf3 Nc6 8. 0-0 d6 9. cxd4 dxe5 10. dxe5 Qxd1 11. Rxd1 Be7 12. Nc3 0-0 13. Nb5 Bd7 14. Nd6 Na5 15. Bc2 Bc6 16. Nd4 Bd5 17. N4b5 Rfd8 18. b3 Rd7 19. Ba3 Nc6 20. f4 f6 21. Re1 fxe5 22. fxe5 a6 23. Nc3 Nd4 24. Bd3 Nc6 25. Rad1 Nxe5 26. Nxd5 Nxd5 27. Rxe5 Bxd6 28. Bxd6 Rxd6 29. Be2 Rad8 30. Bg4 Nc7 31. Rc1 R8d7 32. Rec5 Nd5 33. Rd1 Kf7 34. Rf1+ Nf6 35. Re5 Ke7 36. Bf3 Nd5 37. Be4 Ne3 38. Re1 Rd1 39. Rxd1 Rxd1+ 40. Kf2 Ng4+ 41. Ke2 Rd4 42. Rg5 Rxe4+ 43. Kf3 Kf6 44. h4 Rd4 45. Rxg4 Rxg4 46. Kxg4 Ke5 47. Kf3 Kd4 48. g4 e5 49. g5 Kd3 50. Kf2 e4 51. Ke1 Ke3 52. b4 Kf3 53. a4 e3 54. Kf1 g6 55. b5 axb5 56. axb5 b6 57. Ke1 e2 0-1

[Event "Costa Brava op 29th"]
[Site "Costa Brava"]
[Date "2016.11.26"]
[Round "8"]
[White "Pages Lopez, David"]
[Black "Mato Bonany, Joan"]
[Result "1/2-1/2"]
[WhiteElo "1773"]
[BlackElo "1881"]
[PlyCount "51"]
[EventDate "2016.09.24"]
[EventType "swiss"]
[EventRounds "9"]
[EventCountry "ESP"]
[SourceTitle "EXT 2018"]
[Source "ChessBase"]
[SourceDate "2017.10.13"]
[SourceVersion "1"]
[SourceVersionDate "2017.10.13"]
[SourceQuality "1"]

1. e4 c5 2. Nf3 g6 3. d4 cxd4 4. Nxd4 Bg7 5. Nc3 Nc6 6. Be3 a6 7. Bc4 d6 8. f4 Nf6 9. Nxc6 bxc6 10. Qf3 Qc7 11. h3 Rb8 12. 0-0 0-0 13. g4 Rd8 14. f5 Nxe4 15. Bxf7+ Kxf7 16. fxg6+ Kg8 17. Qf7+ Kh8 18. Bd4 Bxd4+ 19. Kg2 Bg7 20. Nxe4 Rf8 21. Qxf8+ Bxf8 22. Rxf8+ Kg7 23. gxh7 Kxh7 24. Raf1 Bd7 25. R8f7+ Kg8 26. Rxe7 1/2-1/2

[Event "Costa Brava op 29th"]
[Site "Costa Brava"]
[Date "2016.11.12"]
[Round "6"]
[White "Pages Lopez, David"]
[Black "Parals Marce, Luis"]
[Result "0-1"]
[WhiteElo "1773"]
[BlackElo "2075"]
[PlyCount "74"]
[EventDate "2016.09.24"]
[EventType "swiss"]
[EventRounds "9"]
[EventCountry "ESP"]
[SourceTitle "EXT 2018"]
[Source "ChessBase"]
[SourceDate "2017.10.13"]
[SourceVersion "1"]
[SourceVersionDate "2017.10.13"]
[SourceQuality "1"]

1. e4 c6 2. Nf3 d5 3. Nc3 Bg4 4. h3 Bxf3 5. Qxf3 Nf6 6. e5 Nfd7 7. d4 e6 8. Qg4 Qb6 9. Bd3 h5 10. Qf4 c5 11. 0-0 c4 12. Be2 Nc6 13. Rd1 g6 14. b3 cxb3 15. axb3 Bh6 16. Qh4 Bxc1 17. Raxc1 a6 18. Na4 Qb4 19. Nb2 Ndxe5 20. g4 Qc3 21. dxe5 Qxb2 22. f4 Rc8 23. Bd3 Qd4+ 24. Kg2 Qxf4 25. Rf1 Qd2+ 26. Kh1 g5 27. Qg3 hxg4 28. Qxg4 Rh4 29. Qg3 Rf4 30. Rg1 Nxe5 31. Rcd1 Qf2 32. Qxg5 Qf3+ 33. Kh2 Nxd3 34. Rxd3 Rxc2+ 35. Rg2 Rxg2+ 36. Qxg2 Qxd3 37. Qg8+ Kd7 0-1

[Event "Girona-ch"]
[Site "Banyoles"]
[Date "2016.11.06"]
[Round "6"]
[White "Carrasco Holgado, David"]
[Black "Pages Lopez, David"]
[Result "1-0"]
[WhiteElo "2001"]
[BlackElo "1773"]
[PlyCount "47"]
[EventDate "2016.10.02"]
[EventType "swiss"]
[EventRounds "9"]
[EventCountry "ESP"]
[SourceTitle "EXT 2018"]
[Source "ChessBase"]
[SourceDate "2017.10.13"]
[SourceVersion "1"]
[SourceVersionDate "2017.10.13"]
[SourceQuality "1"]

1. e4 Nc6 2. Nf3 f5 3. exf5 d5 4. d4 Bxf5 5. Bb5 Nf6 6. Bf4 Bg4 7. Nbd2 a6 8. Bxc6+ bxc6 9. c3 Bd7 10. Ne5 e6 11. g4 g6 12. h4 c5 13. h5 gxh5 14. g5 Ng4 15. Nxg4 hxg4 16. Qxg4 Qe7 17. Bxc7 Bc6 18. Be5 Bg7 19. Bxg7 Rg8 20. Qh5+ Kd7 21. Bf6 Qf8 22. Qxh7+ Ke8 23. Qc7 Bd7 24. Rh7 1-0

[Event "Costa Brava op 29th"]
[Site "Costa Brava"]
[Date "2016.10.15"]
[Round "3"]
[White "Vidal Masferrer, Maria"]
[Black "Pages Lopez, David"]
[Result "0-1"]
[WhiteElo "1497"]
[BlackElo "1773"]
[PlyCount "32"]
[EventDate "2016.09.24"]
[EventType "swiss"]
[EventRounds "9"]
[EventCountry "ESP"]
[SourceTitle "EXT 2018"]
[Source "ChessBase"]
[SourceDate "2017.10.13"]
[SourceVersion "1"]
[SourceVersionDate "2017.10.13"]
[SourceQuality "1"]

1. e4 c5 2. Nf3 e6 3. d4 cxd4 4. Nxd4 Nc6 5. Nc3 a6 6. Be3 Bb4 7. Qd2 Nf6 8. Bd3 Ne5 9. 0-0 d5 10. exd5 Nxd5 11. Nde2 Qh4 12. a3 Ba5 13. b4 Bc7 14. Ng3 Nxe3 15. Qxe3 Ng4 16. h3 Nxe3 0-1

[Event "Girona-ch"]
[Site "Blanes"]
[Date "2015.??.??"]
[Round "5"]
[White "Pages Lopez, David"]
[Black "Dalmas Porqueres, Joan Albert"]
[Result "1-0"]
[WhiteElo "1862"]
[BlackElo "1955"]
[PlyCount "47"]
[EventDate "2015.09.27"]
[EventType "swiss"]
[EventRounds "9"]
[EventCountry "ESP"]
[SourceTitle "EXT 2017"]
[Source "ChessBase"]
[SourceDate "2016.10.25"]
[SourceVersion "1"]
[SourceVersionDate "2016.10.25"]
[SourceQuality "1"]

1. e4 d5 2. exd5 e6 3. dxe6 Bxe6 4. Nf3 Nf6 5. d4 Qe7 6. Be2 Nc6 7. 0-0 0-0-0 8. c3 a6 9. Bb5 Qd6 10. Qa4 Bd5 11. Nbd2 Kb8 12. c4 Bxf3 13. Nxf3 Ne7 14. c5 Qd5 15. Ne5 Nf5 16. Nc6+ bxc6 17. Bxc6 Qxc6 18. Qxc6 Nxd4 19. Qa4 Bxc5 20. Be3 Bb6 21. Rfd1 Ne6 22. Bxb6 cxb6 23. Rxd8+ Rxd8 24. Re1 1-0